| 000 | 00353nam a2200145Ia 4500 | ||
|---|---|---|---|
| 008 | 150201s2006 xx 000 0 und d | ||
| 082 |
_a610.7 _bB06B |
||
| 100 | _aBEAGLESHOLE,R | ||
| 245 | _aBASIC EPIDEMIOLOGY | ||
| 250 | _a1ST | ||
| 260 |
_bAITBS _aDELHI _c2006 |
||
| 300 | _a1-174 | ||
| 650 | _aOTHER CLINICAL & NON CLINICAL BOOKS | ||
| 942 |
_2ddc _cBK _02 |
||
| 999 |
_c534 _d534 |
||